Czy Możesz Wymienić Wszystkie Kraje o Populacji Poniżej 100 000? - Statystyki

Ogólne statystyki
  • Ten quiz został rozwiązany 164 razy
  • Średni wynik to 8 z 13
Statystyki odpowiedzi
Hint Odpowiedź % Poprawnych
Populacja:801 Watykan
96%
Populacja:33,931 San Marino
88%
Populacja:39,242 Monako
79%
Populacja:38,128 Liechtenstein
76%
Populacja:77,265 Andora
75%
Populacja:10,824 Nauru
54%
Populacja:18,094 Palau
54%
Populacja:11,792 Tuvalu
53%
Populacja:59,190 Wyspy Marshalla
52%
Populacja:53,199 Saint Kitts i Nevis
42%
Populacja:98,347 Seszele
40%
Populacja:97,929 Antigua i Barbuda
39%
Populacja:71,986 Dominika
38%
Nie znaleziono quizów pasujących do podanych kryteriów
Rozkład punktacji
Procent ludzi z każdym wynikiem
Percentyl według liczby udzielonych odpowiedzi
Twoja historia wyników
Nie rozwiązałeś tego quizu